Normal view
MARC view
- high efficiency.
Entry Topical Term
001 - CONTROL NUMBER
- control field: 66156
003 - CONTROL NUMBER IDENTIFIER
- control field: OSt
005 - DATE AND TIME OF LATEST TRANSACTION
- control field: 20250404081747.0
008 - FIXED-LENGTH DATA ELEMENTS
- fixed length control field: 250404|| aca||babn | a|a d
040 ## - CATALOGING SOURCE
- Original cataloging agency: OSt
150 ## - HEADING--TOPICAL TERM
- Topical term or geographic name entry element: high efficiency.
